01013pam a2200265 a 4500008004100000020002200041245012300063250002400186260005300210300003400263504004100297650004700338650004600385650005500431650005400486650005100540650005000591653001300641700001800654700002300672700002500695003000100720005001700721040000900738  a0521475740 (pbk.)00aData analysis in community and landscape ecology /cedited by R.H.G. Jongman, C.J.F. ter Braak & O.F.R. van Tongeren. aNew ed., with corr. aCambridge :bCambridge University Press,cc1995. axxi, 299 p. :bill. ;c23 cm. aIncludes bibliographical references. 0aBiotic communitiesxResearchxMethodology. 0aLandscape ecologyxResearchxMethodology. 0aBiotic communitiesxResearchxStatistical methods. 0aLandscape ecologyxResearchxStatistical methods. 0aBiotic communitiesxResearchxData processing. 0aLandscape ecologyxResearchxData processing.0 aEcology.1 aJongman, R.H.1 aBraak, C.J.F. ter.1 aVan Tongeren, O.F.R.20230123134308.0 cNUST